000 00417nam a2200157Ia 4500
005 20250404094603.0
008 231217s9999 xx 000 0 und d
020 _a9788131714034
082 _a658.4038 AWA;16
100 _aAwad, Elias M. Ghaziri, Hassan M.
245 0 _aKnowledge management
260 _c2007
_bDorling Kindersley
_aNew Delhi
300 _a480
650 _aKnowledge,management
942 _cAA
999 _c191473
_d191473